|
|
|
|
| LEADER |
00000nam0a2200000 4500 |
| 001 |
250929 |
| 005 |
20231101232617.0 |
| 035 |
|
|
|a (RuTPU)RU\TPU\book\273169
|
| 090 |
|
|
|a 250929
|
| 100 |
|
|
|a 20140218d1979 e y0rusy50 ca
|
| 101 |
0 |
|
|a rus
|
| 102 |
|
|
|a RU
|
| 105 |
|
|
|a c z 000ab
|
| 200 |
1 |
|
|a Жизнь Пирогова. Илья Мечников
|e повести
|f Б. Могилевский
|g В. Юдин
|
| 210 |
|
|
|a Москва
|c Детская литература
|d 1979
|
| 215 |
|
|
|a 527 с.
|c портр.
|
| 600 |
|
1 |
|a Пирогов
|g Николай Иванович
|b Н. И.
|c российский хирург
|c анатом
|c член-корреспондент Петербургской АН
|f 1810-1881
|2 stltpush
|3 (RuTPU)RU\TPU\pers\1675
|
| 600 |
|
1 |
|a Мечников
|b И. И.
|f 1845-1916
|g Илья Ильич
|c российский биолог
|c патолог
|2 stltpush
|3 (RuTPU)RU\TPU\pers\3917
|
| 606 |
1 |
|
|a Русская литература современная
|2 stltpush
|3 (RuTPU)RU\TPU\subj\26373
|9 50316
|
| 610 |
1 |
|
|a биографическая проза
|
| 610 |
1 |
|
|a повести
|
| 610 |
1 |
|
|a художественная литература
|
| 675 |
|
|
|a Р2
|v 3
|
| 700 |
|
1 |
|a Могилевский
|b Б.
|g Борис
|
| 702 |
|
1 |
|a Юдин
|b В.
|4 040
|
| 801 |
|
1 |
|a RU
|b 63413507
|c 20140218
|
| 801 |
|
2 |
|a RU
|b 63413507
|c 20210930
|g RCR
|
| 942 |
|
|
|c BK
|